000 00224nam a2200097Ia 4500
008 190911s9999||||xx |||||||||||||| ||und||
100 _aElizabeth Hill
245 0 _aMarketing
260 _aLondon
_bPearson
_c1999
300 _a428
999 _c7035
_d7035